000 00555nam a2200181Ia 4500
008 151018s9999 xx 000 0 und d
082 _bRBASDV23028
_a891.463
100 _aजयंत रानडे
245 _aराज करेगा खालसा
250 _b1
260 _bविनी
_c1991
300 _a148
600 _aजयंत रानडे
630 _aराज करेगा खालसा
700 _aजयंत रानडे
730 _aराज करेगा खालसा
942 _cBOOK
999 _c1022692
_d1022689